[Event "Vrsar op"]
[Site "Vrsar"]
[Date "2023.04.27"]
[Round "3"]
[White "Florjan, Mladen"]
[Black "Damjanovic, Simun"]
[Result "1-0"]
[WhiteElo "2002"]
[BlackElo "1773"]
[PlyCount "51"]
[EventDate "2023.04.25"]
[EventType "swiss"]
[EventRounds "9"]
[EventCountry "CRO"]
[SourceTitle "CBM 214 Extra"]
[Source "ChessBase"]
[SourceDate "2023.07.31"]
[SourceVersion "1"]
[SourceVersionDate "2023.07.31"]
[SourceQuality "1"]

1. Nf3 Nf6 2. c4 c5 3. Nc3 Nc6 4. d4 cxd4 5. Nxd4 g6 6. e4 d6 7. Be2 Bg7 8. Be3 0-0 9. 0-0 Nxd4 10. Bxd4 Be6 11. f4 Rc8 12. b3 a6 13. g4 Qa5 14. f5 Bd7 15. g5 Ne8 16. Nd5 Bxd4+ 17. Qxd4 Qd8 18. f6 exf6 19. gxf6 Rb8 20. Qd2 Be6 21. Ne7+ Kh8 22. Qg5 Qb6+ 23. Kg2 Qd4 24. Qh4 Bf5 25. Rf4 Qxa1 26. Qxh7+ 1-0

[Event "Vrsar op"]
[Site "Vrsar"]
[Date "2023.04.26"]
[Round "2"]
[White "Novosel, Lovro"]
[Black "Florjan, Mladen"]
[Result "1-0"]
[WhiteElo "2353"]
[BlackElo "2002"]
[PlyCount "73"]
[EventDate "2023.04.25"]
[EventType "swiss"]
[EventRounds "9"]
[EventCountry "CRO"]
[SourceTitle "CBM 214 Extra"]
[Source "ChessBase"]
[SourceDate "2023.07.31"]
[SourceVersion "1"]
[SourceVersionDate "2023.07.31"]
[SourceQuality "1"]

1. d4 Nf6 2. Nf3 b6 3. e3 g6 4. b3 Bg7 5. Bb2 0-0 6. Nbd2 c5 7. Bd3 cxd4 8. exd4 Nc6 9. 0-0 Nb4 10. Be2 Nc6 11. a3 Bb7 12. Bd3 e6 13. Qe2 Nd5 14. g3 d6 15. c4 Nc7 16. Rac1 e5 17. d5 Nb8 18. Nh4 f5 19. Bb1 Nd7 20. Ng2 Qe7 21. f3 Rae8 22. g4 fxg4 23. fxg4 Bh6 24. h4 Bxd2 25. Qxd2 Rxf1+ 26. Rxf1 Rf8 27. Rxf8+ Qxf8 28. h5 Qf3 29. hxg6 Qxg4 30. gxh7+ Kh8 31. Bc1 Qg7 32. Qf2 Nf6 33. Qh4 Bc8 34. Bh6 Qf7 35. Qg5 Nce8 36. Bg6 Qe7 37. Bxe8 1-0

[Event "CRO Topla Voda Cup"]
[Site "Tuhovec"]
[Date "2022.08.06"]
[Round "1.3"]
[White "Fijok, Velimir"]
[Black "Florjan, Mladen"]
[Result "0-1"]
[WhiteElo "1600"]
[BlackElo "1896"]
[PlyCount "52"]
[EventDate "2022.08.06"]
[EventType "team-tourn (blitz)"]
[EventRounds "11"]
[EventCountry "CRO"]
[SourceTitle "CBM 209 Extra"]
[Source "ChessBase"]
[SourceDate "2022.09.30"]
[SourceVersion "1"]
[SourceVersionDate "2022.09.30"]
[SourceQuality "1"]
[WhiteTeam "Ludbreg"]
[BlackTeam "Varazdin"]
[WhiteTeamCountry "CRO"]
[BlackTeamCountry "CRO"]

1. e4 c5 2. d3 d5 3. e5 Nc6 4. Nf3 Bg4 5. h3 Bxf3 6. gxf3 Nxe5 7. Bg2 e6 8. h4 Nf6 9. Bg5 h6 10. d4 Ng6 11. dxc5 hxg5 12. hxg5 Rxh1+ 13. Bxh1 Nd7 14. b4 Qxg5 15. Ke2 Qe5+ 16. Kd2 Qxa1 17. Nc3 Qxd1+ 18. Kxd1 a5 19. Nb5 Kd8 20. a3 axb4 21. Bg2 bxa3 22. Nxa3 Rxa3 23. Kd2 Bxc5 24. Bf1 Bb4+ 25. Ke2 Nf4+ 26. Kd1 Ra1# 0-1

[Event "CRO Topla Voda Cup"]
[Site "Tuhovec"]
[Date "2022.08.06"]
[Round "5.3"]
[White "Pandurevic, Miro"]
[Black "Florjan, Mladen"]
[Result "1-0"]
[WhiteElo "2278"]
[BlackElo "1896"]
[PlyCount "167"]
[EventDate "2022.08.06"]
[EventType "team-tourn (blitz)"]
[EventRounds "11"]
[EventCountry "CRO"]
[SourceTitle "CBM 209 Extra"]
[Source "ChessBase"]
[SourceDate "2022.09.30"]
[SourceVersion "1"]
[SourceVersionDate "2022.09.30"]
[SourceQuality "1"]
[WhiteTeam "Zagreb Caissa"]
[BlackTeam "Varazdin"]
[WhiteTeamCountry "CRO"]
[BlackTeamCountry "CRO"]

1. e4 c5 2. Nf3 d6 3. d4 cxd4 4. Nxd4 Nf6 5. Nc3 a6 6. Be2 e5 7. Nb3 Be7 8. g4 h6 9. h4 Be6 10. Bf3 b5 11. g5 hxg5 12. hxg5 Rxh1+ 13. Bxh1 Nfd7 14. Nd5 Nb6 15. Qh5 Nxd5 16. exd5 Bf5 17. c3 Nd7 18. Be3 Nb6 19. Na5 Nc4 20. Nc6 Qc7 21. Nxe7 Qxe7 22. Qh8+ Qf8 23. Qxf8+ Kxf8 24. Bc1 Ke7 25. b3 Nb6 26. Be3 Nd7 27. 0-0-0 Rc8 28. Kb2 Nc5 29. c4 bxc4 30. bxc4 Na4+ 31. Kb3 Rb8+ 32. Ka3 Nc3 33. Rc1 Ne4 34. f3 Nc5 35. Bxc5 dxc5 36. Bg2 Kd6 37. Rc3 Rb1 38. Rb3 Rxb3+ 39. axb3 Bd7 40. b4 f6 41. gxf6 gxf6 42. Bf1 f5 43. Bd3 f4 44. Bg6 Bh3 45. Kb3 Bg2 46. Be4 Bf1 47. Kc3 Be2 48. Kb3 Bf1 49. Kc3 Be2 50. Kb3 Bf1 51. Bf5 Be2 52. Be4 Bf1 53. Kc3 Be2 54. Kb3 Bf1 55. Bc2 Be2 56. Be4 Bf1 57. Kc3 Be2 58. Kb3 Bf1 59. Kc3 Be2 60. Kb3 Bf1 61. Bf5 Be2 62. Bc8 Bxf3 63. Bxa6 cxb4 64. Kxb4 Be2 65. c5+ Kxd5 66. Bxe2 e4 67. Bc4+ Kc6 68. Bf7 f3 69. Bh5 Kd5 70. Kb5 Ke5 71. c6 Kf4 72. c7 e3 73. Bxf3 Kxf3 74. c8Q e2 75. Qh3+ Kf2 76. Qh4+ Kf1 77. Qf4+ Kg2 78. Qe3 Kf1 79. Qf3+ Ke1 80. Kc4 Kd1 81. Qd3+ Ke1 82. Kc3 Kf2 83. Qf5+ Kg1 84. Kd2 1-0

[Event "Podturen Mavrin Memorial 8th"]
[Site "Podturen"]
[Date "2020.01.06"]
[Round "6"]
[White "Kolednjak, Tomislav"]
[Black "Florjan, Mladen"]
[Result "1/2-1/2"]
[WhiteElo "1993"]
[BlackElo "1979"]
[PlyCount "31"]
[EventDate "2020.01.03"]
[EventType "swiss"]
[EventRounds "7"]
[EventCountry "CRO"]
[SourceTitle "CBM 194 Extra"]
[Source "ChessBase"]
[SourceDate "2020.03.31"]
[SourceVersion "1"]
[SourceVersionDate "2020.03.31"]
[SourceQuality "1"]

1. Nf3 Nf6 2. c4 b6 3. g3 c5 4. Bg2 Bb7 5. 0-0 g6 6. Nc3 Bg7 7. Re1 Ne4 8. Qc2 Nxc3 9. dxc3 f5 10. Nh4 Bxg2 11. Nxg2 0-0 12. e4 Nc6 13. exf5 Rxf5 14. f4 e5 15. Ne3 Rf7 16. Nd5 1/2-1/2

[Event "CRO-chT4B Center North"]
[Site "Croatia"]
[Date "2016.05.08"]
[Round "5.4"]
[White "Florjan, Mladen"]
[Black "Juras, Ivan"]
[Result "1-0"]
[WhiteElo "2015"]
[BlackElo "1705"]
[PlyCount "57"]
[EventDate "2016.04.03"]
[EventType "team-tourn"]
[EventRounds "11"]
[EventCountry "CRO"]
[SourceTitle "EXT 2019"]
[Source "ChessBase"]
[SourceDate "2018.10.10"]
[SourceVersion "1"]
[SourceVersionDate "2018.10.10"]
[SourceQuality "1"]

1. e4 g6 2. d4 Bg7 3. Nf3 b6 4. Nc3 Bb7 5. h4 Nf6 6. e5 Nd5 7. Nxd5 Bxd5 8. c4 Bb7 9. h5 0-0 10. hxg6 fxg6 11. Ng5 h6 12. Nf3 Bxf3 13. gxf3 Kh7 14. Bxh6 Rh8 15. Bg5+ Kg8 16. Rxh8+ Bxh8 17. Qc2 Qe8 18. 0-0-0 Qf7 19. Bd3 Nc6 20. Bxg6 Qxf3 21. Bh7+ Kf8 22. Bh6+ Bg7 23. Bxg7+ Kxg7 24. Qg6+ Kh8 25. Qh6 Qf8 26. Qh2 Kg7 27. Rg1+ Kf7 28. Bg6+ Ke6 29. d5# 1-0

[Event "CRO-chT4B Center North"]
[Site "Croatia"]
[Date "2016.04.24"]
[Round "4.2"]
[White "Stankovic, Mateo"]
[Black "Florjan, Mladen"]
[Result "0-1"]
[WhiteElo "1328"]
[BlackElo "2015"]
[PlyCount "80"]
[EventDate "2016.04.03"]
[EventType "team-tourn"]
[EventRounds "11"]
[EventCountry "CRO"]
[SourceTitle "EXT 2019"]
[Source "ChessBase"]
[SourceDate "2018.10.10"]
[SourceVersion "1"]
[SourceVersionDate "2018.10.10"]
[SourceQuality "1"]

1. e4 c5 2. Nf3 d6 3. d4 cxd4 4. Nxd4 Nf6 5. Nc3 a6 6. Be2 e5 7. Nf3 Be7 8. 0-0 b5 9. Be3 Bb7 10. Qd3 Nbd7 11. Rad1 b4 12. Nd5 Bxd5 13. exd5 e4 14. Qc4 exf3 15. Bxf3 Ne5 16. Qh4 Nxf3+ 17. gxf3 0-0 18. Rfe1 Qd7 19. Kg2 Qf5 20. Qc4 Rfc8 21. Qf4 Qxc2 22. Rd2 Qg6+ 23. Kh1 Nh5 24. Qg4 Qxg4 25. fxg4 Nf6 26. h3 Nd7 27. Bf4 Bf8 28. Kh2 Rc4 29. Bg3 f6 30. Re6 Nc5 31. Re3 Ne4 32. Rdd3 Nxg3 33. Kxg3 g6 34. Re6 Kf7 35. b3 Rc5 36. Kf4 Re8 37. Rxe8 Kxe8 38. Ke4 Rc2 39. Kf3 Rxa2 40. Re3+ Kf7 0-1

[Event "CRO-chT4B Center North"]
[Site "Croatia"]
[Date "2012.10.14"]
[Round "7.21"]
[White "Florjan, Mladen"]
[Black "Kovacic, Franjo"]
[Result "1-0"]
[WhiteElo "2005"]
[BlackElo "1807"]
[PlyCount "61"]
[EventDate "2012.04.15"]
[EventType "team-tourn"]
[EventRounds "9"]
[EventCountry "CRO"]
[SourceTitle "EXT 2013"]
[Source "ChessBase"]
[SourceDate "2012.11.22"]
[SourceVersion "1"]
[SourceVersionDate "2012.11.22"]
[SourceQuality "1"]

1. e4 e5 2. Nf3 Nc6 3. d4 exd4 4. Nxd4 d6 5. Nc3 Nf6 6. Bg5 Be7 7. Bb5 Bd7 8. Qd2 0-0 9. 0-0-0 Nxd4 10. Qxd4 Nxe4 11. Bxe7 Qxe7 12. Nxe4 Bxb5 13. Rde1 Rfe8 14. Re3 Qe5 15. Qb4 Bc6 16. Rhe1 a5 17. Qd2 Qd5 18. Qxd5 Bxd5 19. Nf6+ gxf6 20. Rxe8+ Rxe8 21. Rxe8+ Kg7 22. g3 a4 23. a3 b5 24. Rc8 c6 25. Rd8 h5 26. Rxd6 Kg6 27. Kd2 Kg5 28. Ke3 f5 29. f4+ Kg4 30. Kf2 h4 31. Rh6 1-0

[Event "CRO-Cup 20th"]
[Site "Sibenik"]
[Date "2011.05.20"]
[Round "4.84"]
[White "Florjan, Mladen"]
[Black "Saric, Zrinka"]
[Result "1/2-1/2"]
[WhiteElo "2011"]
[BlackElo "2140"]
[PlyCount "23"]
[EventDate "2011.05.18"]
[EventType "team-swiss"]
[EventRounds "6"]
[EventCountry "CRO"]
[SourceTitle "CBM 142 Extra"]
[Source "ChessBase"]
[SourceDate "2011.06.27"]
[SourceVersion "1"]
[SourceVersionDate "2011.06.27"]
[SourceQuality "1"]
[WhiteTeam "Varazdin"]
[BlackTeam "Rijeka Liburnija (W)"]
[WhiteTeamCountry "CRO"]
[BlackTeamCountry "CRO"]

1. e4 c5 2. Nf3 Nc6 3. Nc3 Nf6 4. g3 g6 5. Bg2 Bg7 6. 0-0 0-0 7. Re1 d6 8. d3 Nd4 9. Nd5 Bg4 10. c3 Nxf3+ 11. Bxf3 Bxf3 12. Qxf3 1/2-1/2

[Event "CRO-chT3B Center North"]
[Site "Cakovec"]
[Date "2010.03.27"]
[Round "1.14"]
[White "Novak, Milan1111"]
[Black "Florjan, Mladen"]
[Result "0-1"]
[WhiteElo "1871"]
[BlackElo "2036"]
[PlyCount "123"]
[EventDate "2010.03.27"]
[EventType "team-tourn"]
[EventRounds "9"]
[EventCountry "CRO"]
[SourceTitle "EXT 2012"]
[Source "ChessBase"]
[SourceDate "2011.11.24"]
[SourceVersion "1"]
[SourceVersionDate "2011.11.24"]
[SourceQuality "1"]

1. d4 Nf6 2. c4 e5 3. d5 Bc5 4. Nf3 d6 5. Nc3 0-0 6. h3 Bf5 7. Bg5 h6 8. Bxf6 Qxf6 9. e4 Bg6 10. Bd3 Nd7 11. Qc2 Bh5 12. Ke2 Qh4 13. Raf1 Qf4 14. g4 Bg6 15. Nh4 Bh7 16. Ng2 Qg5 17. f3 Nf6 18. h4 Qg6 19. Ne3 Bxe3 20. Kxe3 Nd7 21. Ne2 c6 22. Ng3 cxd5 23. cxd5 Rac8 24. Qd2 Qf6 25. Nf5 Bxf5 26. gxf5 Kh7 27. Ke2 Qe7 28. Rfg1 Nf6 29. h5 a6 30. Rg2 Rg8 31. Rh3 Qc7 32. Kf2 Qc1 33. Qxc1 Rxc1 34. Ke3 Rgc8 35. Rf2 Ra1 36. a3 Rcc1 37. Rc2 Rxc2 38. Bxc2 Ra2 39. f4 Rxb2 40. Bd3 Rb3 41. fxe5 Ng4+ 42. Kf4 Nxe5 43. Bf1 Rxh3 44. Bxh3 f6 45. Bf1 Kg8 46. Be2 Kf7 47. Ke3 Ke7 48. Kd4 Kd7 49. Kc3 Kc7 50. Kb4 Kb6 51. a4 a5+ 52. Kc3 Kc5 53. Bf1 Nd7 54. Be2 Nb6 55. Bb5 Nc8 56. Bf1 Na7 57. Be2 b5 58. Bd1 bxa4 59. Bxa4 Nb5+ 60. Kb3 Nd4+ 61. Kc3 Ne2+ 62. Kd3 0-1

[Event "CRO-chT2b"]
[Site "Croatia"]
[Date "2009.10.25"]
[Round "10"]
[White "Florjan, Mladen"]
[Black "Margitic, Zdravko"]
[Result "1/2-1/2"]
[WhiteElo "2015"]
[BlackElo "2149"]
[PlyCount "208"]
[EventDate "2009.03.01"]
[EventType "team-tourn"]
[EventRounds "11"]
[EventCountry "CRO"]
[SourceTitle "EXT 2011"]
[Source "ChessBase"]
[SourceDate "2010.11.26"]
[SourceVersion "1"]
[SourceVersionDate "2010.11.26"]
[SourceQuality "1"]

1. d4 d5 2. Nf3 Nf6 3. g3 h6 4. Bg2 Bf5 5. 0-0 e6 6. c4 c6 7. Qb3 b6 8. Bf4 Bd6 9. Bxd6 Qxd6 10. Ne5 0-0 11. Nd2 Nbd7 12. Ndf3 Rac8 13. Rac1 Ne4 14. Rfd1 Nxe5 15. Nxe5 c5 16. Nf3 dxc4 17. Rxc4 cxd4 18. Rdxd4 Qb8 19. Nh4 Rxc4 20. Qxc4 Rc8 21. Qa4 Rc1+ 22. Bf1 Nc5 23. Qa3 Qb7 24. f3 Bh3 25. Ng2 Qa6 26. Qxa6 Nxa6 27. Ra4 Nc7 28. Kf2 a6 29. Ne3 Bxf1 30. Nxf1 b5 31. Rd4 Kf8 32. Ne3 Ke7 33. Rd1 Rc5 34. Rd2 a5 35. Rc2 Kd6 36. Rxc5 Kxc5 37. Ke1 b4 38. Kd2 Nb5 39. Nc2 a4 40. Kd3 e5 41. e3 f5 42. g4 g6 43. gxf5 gxf5 44. f4 e4+ 45. Kd2 b3 46. axb3 axb3 47. Ne1 Kb4 48. Ng2 Nd6 49. Kd1 Nc4 50. Kc1 Kc5 51. Kb1 Nd2+ 52. Kc1 Nf1 53. Kd1 Kd5 54. h3 Kc4 55. Ke2 Ng3+ 56. Kd2 Nh5 57. Nh4 Ng7 58. Ng6 Ne8 59. Ne5+ Kb4 60. Nc6+ Kc5 61. Nd4 Nd6 62. Nxb3+ Kd5 63. Nd4 Nc4+ 64. Ke2 Nd6 65. b4 Kc4 66. b5 Kc5 67. Kf2 h5 68. Ke2 h4 69. Kd1 Kb6 70. Kc2 Kc5 71. Kb3 Nc4 72. Nxf5 Kxb5 73. Kc2 Kb4 74. Kd1 Kc5 75. Ke2 Kd5 76. Nxh4 Ke6 77. Ng2 Nd6 78. Kd2 Nf5 79. Kc3 Kd5 80. Kb4 Ng3 81. Kc3 Nf5 82. Kd2 Ke6 83. Ne1 Nh4 84. Ke2 Kf6 85. Kf2 Nf5 86. Nc2 Kg6 87. Nd4 Nd6 88. Kg3 Kf6 89. f5 Ke5 90. f6 Nf7 91. h4 Kxf6 92. Kf4 Nd6 93. Ne2 Nf5 94. h5 Ng7 95. Ng3 Ne6+ 96. Kg4 Ng5 97. Kf4 Ne6+ 98. Kg4 Ng5 99. h6 Kg6 100. Nf5 Ne6 101. Nd6 Nc7 102. Kf4 Nd5+ 103. Kxe4 Nxe3 104. Kxe3 Kxh6 1/2-1/2

[Event "CRO-chT2b"]
[Site "Croatia"]
[Date "2009.10.18"]
[Round "8"]
[White "Makaj, Marko"]
[Black "Florjan, Mladen"]
[Result "1-0"]
[WhiteElo "2336"]
[BlackElo "2015"]
[PlyCount "115"]
[EventDate "2009.03.01"]
[EventType "team-tourn"]
[EventRounds "11"]
[EventCountry "CRO"]
[SourceTitle "EXT 2011"]
[Source "ChessBase"]
[SourceDate "2010.11.26"]
[SourceVersion "1"]
[SourceVersionDate "2010.11.26"]
[SourceQuality "1"]

1. d4 Nf6 2. Nf3 d5 3. c4 dxc4 4. e3 c5 5. Bxc4 e6 6. 0-0 Nc6 7. Nc3 Be7 8. Qe2 cxd4 9. Rd1 0-0 10. exd4 Nd5 11. Bb3 a6 12. Bc2 b5 13. Nxd5 exd5 14. Bxh7+ Kxh7 15. Qc2+ Kg8 16. Qxc6 Bg4 17. Rd3 Rc8 18. Qxa6 Qc7 19. Rc3 Qd7 20. Ne5 Qf5 21. Rg3 Bh4 22. Nxg4 Bxg3 23. Nh6+ gxh6 24. hxg3 Rc2 25. Be3 Rxb2 26. Rc1 Rb1 27. Rxb1 Qxb1+ 28. Kh2 Qg6 29. Qxb5 Qh5+ 30. Kg1 Qd1+ 31. Kh2 Qh5+ 32. Kg1 Qd1+ 33. Qf1 Qxf1+ 34. Kxf1 h5 35. Ke2 Ra8 36. Kf3 f6 37. g4 hxg4+ 38. Kxg4 Rxa2 39. Kf5 Kf7 40. g3 Ra8 41. g4 Re8 42. Bd2 Re4 43. Bc3 Re2 44. f4 Re8 45. Ba5 Re2 46. Bd8 Re6 47. g5 fxg5 48. fxg5 Re4 49. Bf6 Re8 50. g6+ Kf8 51. Be5 Ke7 52. Bg7 Ra8 53. Bf6+ Kd6 54. g7 Rg8 55. Kg6 Ke6 56. Bh4 Re8 57. Be1 Rb8 58. Bb4 1-0

[Event "CRO-chT2b"]
[Site "Croatia"]
[Date "2009.03.15"]
[Round "6"]
[White "Florjan, Mladen"]
[Black "Djeno, Drago"]
[Result "1/2-1/2"]
[WhiteElo "2004"]
[BlackElo "2232"]
[PlyCount "134"]
[EventDate "2009.03.01"]
[EventType "team-tourn"]
[EventRounds "11"]
[EventCountry "CRO"]
[SourceTitle "EXT 2010"]
[Source "ChessBase"]
[SourceDate "2010.11.25"]
[SourceVersion "1"]
[SourceVersionDate "2010.11.25"]
[SourceQuality "1"]

1. d4 Nf6 2. g3 g6 3. Bg2 Bg7 4. e4 d6 5. Ne2 c6 6. 0-0 0-0 7. c3 Qc7 8. Qc2 e5 9. dxe5 dxe5 10. h3 Be6 11. Be3 Nbd7 12. Nd2 Rfd8 13. Rfd1 Bf8 14. c4 Bc5 15. Bxc5 Nxc5 16. Nb3 Nfd7 17. Nxc5 Nxc5 18. b4 Na6 19. a3 Rxd1+ 20. Rxd1 Rd8 21. c5 Rd7 22. Nc3 Qd8 23. Bf1 Nc7 24. Rxd7 Qxd7 25. Qd1 Kf8 26. Qxd7 Bxd7 27. h4 Be6 28. f3 Bb3 29. Bh3 Be6 30. Bf1 Ke7 31. Kf2 Bb3 32. Bh3 Kd8 33. Ke3 a5 34. Bf1 axb4 35. axb4 Ne6 36. Bd3 f6 37. Ne2 Kc7 38. f4 Kd7 39. Nc1 Bd1 40. Ne2 Bxe2 41. Bxe2 Nd4 42. Kd3 h6 43. fxe5 fxe5 44. Bg4+ Kc7 45. Kc3 g5 46. hxg5 hxg5 47. Kd3 b6 48. Kc3 bxc5 49. bxc5 Kb7 50. Kc4 Ka6 51. Kb4 Nc2+ 52. Ka4 Kb7 53. Bf5 Nd4 54. g4 Kc7 55. Kb4 Ne2 56. Kc4 Nf4 57. Kb4 Nh3 58. Kc4 Nf2 59. Kb4 Kb7 60. Kc4 Ka6 61. Kb4 Nd3+ 62. Kc4 Nb2+ 63. Kb4 Kb7 64. Kc3 Nd1+ 65. Kc4 Ne3+ 66. Kd3 Ng2 67. Kc4 Nh4 1/2-1/2

[Event "CRO-chT2b"]
[Site "Croatia"]
[Date "2009.03.15"]
[Round "5"]
[White "Florjan, Mladen"]
[Black "Trbojevic, Mladen"]
[Result "1/2-1/2"]
[WhiteElo "2004"]
[BlackElo "2290"]
[PlyCount "61"]
[EventDate "2009.03.01"]
[EventType "team-tourn"]
[EventRounds "11"]
[EventCountry "CRO"]
[SourceTitle "EXT 2010"]
[Source "ChessBase"]
[SourceDate "2010.11.25"]
[SourceVersion "1"]
[SourceVersionDate "2010.11.25"]
[SourceQuality "1"]

1. d4 Nf6 2. g3 g6 3. Bg2 d5 4. Nf3 Bg7 5. 0-0 0-0 6. Bf4 c5 7. c3 Nc6 8. Nbd2 Qb6 9. Qb3 Bf5 10. dxc5 Qxc5 11. Qxb7 Bc8 12. Nb3 Qxf2+ 13. Rxf2 Bxb7 14. Ne5 Rac8 15. Nxc6 Bxc6 16. Be5 Rfd8 17. Bd4 Nd7 18. Bxa7 Ra8 19. Bc5 e6 20. Raf1 f5 21. Nd4 Bxd4 22. cxd4 Bb5 23. Rc1 Bc4 24. Rxc4 dxc4 25. Bxa8 Rxa8 26. e3 c3 27. Bb4 Rxa2 28. bxc3 Ra1+ 29. Rf1 Ra2 30. Rf2 Ra1+ 31. Rf1 1/2-1/2

[Event "CRO-chT2b"]
[Site "Croatia"]
[Date "2009.03.01"]
[Round "1"]
[White "Florjan, Mladen"]
[Black "Urukalovic, Roman"]
[Result "0-1"]
[WhiteElo "2004"]
[BlackElo "2250"]
[PlyCount "50"]
[EventDate "2009.03.01"]
[EventType "team-tourn"]
[EventRounds "11"]
[EventCountry "CRO"]
[SourceTitle "EXT 2010"]
[Source "ChessBase"]
[SourceDate "2010.11.25"]
[SourceVersion "1"]
[SourceVersionDate "2010.11.25"]
[SourceQuality "1"]

1. d4 Nf6 2. Nf3 g6 3. Nbd2 Bg7 4. e4 d6 5. Bc4 0-0 6. 0-0 c6 7. c3 Qc7 8. Bb3 e5 9. dxe5 dxe5 10. Re1 Na6 11. Nc4 Rd8 12. Qe2 Nh5 13. Bg5 Rf8 14. Rad1 Nc5 15. Bc2 Ne6 16. Qd2 Nxg5 17. Qxg5 b5 18. Na3 Nf4 19. Nh4 h6 20. Qg3 Qe7 21. h3 Nh5 22. Nxg6 fxg6 23. Qxg6 Nf4 24. Qxc6 Qg5 25. Qxa8 Qxg2# 0-1

[Event "Bjelovar op 4th"]
[Site "Bjelovar"]
[Date "2008.09.19"]
[Round "4"]
[White "Florjan, Mladen"]
[Black "Kukovec, Stjepan"]
[Result "1/2-1/2"]
[WhiteElo "2023"]
[BlackElo "1912"]
[PlyCount "93"]
[EventDate "2008.09.18"]
[EventType "swiss"]
[EventRounds "7"]
[EventCountry "CRO"]
[SourceTitle "CBM 126 Extra"]
[Source "ChessBase"]
[SourceDate "2008.11.05"]
[SourceVersion "1"]
[SourceVersionDate "2008.11.05"]
[SourceQuality "1"]

1. e4 c6 2. d4 d5 3. exd5 cxd5 4. c4 e6 5. Nc3 Nf6 6. Nf3 dxc4 7. Bxc4 Be7 8. 0-0 a6 9. Re1 b5 10. Bb3 Bb7 11. Ng5 0-0 12. Bf4 b4 13. Na4 Nd5 14. Bxd5 Bxd5 15. Ne4 Nd7 16. Rc1 Rc8 17. b3 Rxc1 18. Bxc1 Qa8 19. f3 Rc8 20. Bf4 Qc6 21. Qd2 f5 22. Ng3 Qc2 23. Rc1 Qxc1+ 24. Qxc1 Rxc1+ 25. Bxc1 Bc6 26. Nb2 Bf6 27. Ne2 g5 28. Kf2 Nb6 29. Nc4 Nd5 30. a3 bxa3 31. Bxa3 Bb5 32. Ne5 Bd8 33. Nc4 Bc7 34. g3 Nb6 35. Nxb6 Bxb6 36. Bc5 Bc7 37. Nc3 Bc6 38. b4 Kf7 39. Na2 Bb5 40. Nc3 Bc4 41. Ke3 h5 42. Kf2 Kf6 43. h4 gxh4 44. gxh4 f4 45. Ne4+ Kf5 46. Nd6+ Bxd6 47. Bxd6 1/2-1/2

[Event "Ptuj op"]
[Site "Ptuj"]
[Date "2008.08.15"]
[Round "8"]
[White "Florjan, Mladen"]
[Black "Skok, Joze"]
[Result "1/2-1/2"]
[WhiteElo "2023"]
[BlackElo "2056"]
[PlyCount "46"]
[EventDate "2008.08.09"]
[EventType "swiss"]
[EventRounds "9"]
[EventCountry "SLO"]
[SourceTitle "CBM 125 Extra"]
[Source "ChessBase"]
[SourceDate "2008.09.01"]
[SourceVersion "1"]
[SourceVersionDate "2008.09.01"]
[SourceQuality "1"]

1. e4 e6 2. d4 d5 3. Nd2 Nf6 4. Bd3 c5 5. c3 Nc6 6. Ngf3 Be7 7. dxc5 Bxc5 8. exd5 exd5 9. Nb3 Be7 10. 0-0 Bg4 11. Be2 0-0 12. Nfd4 Bxe2 13. Qxe2 Re8 14. Qf3 Qd7 15. Bf4 a6 16. Rfe1 Bf8 17. Rad1 Rxe1+ 18. Rxe1 Re8 19. Rxe8 Qxe8 20. Qe3 Qd7 21. h3 h6 22. Qf3 Be7 23. Qe3 Bf8 1/2-1/2

[Event "Ptuj op"]
[Site "Ptuj"]
[Date "2008.08.13"]
[Round "6"]
[White "Florjan, Mladen"]
[Black "Kolar, Srecko"]
[Result "0-1"]
[WhiteElo "2023"]
[BlackElo "2139"]
[PlyCount "116"]
[EventDate "2008.08.09"]
[EventType "swiss"]
[EventRounds "9"]
[EventCountry "SLO"]
[SourceTitle "CBM 125 Extra"]
[Source "ChessBase"]
[SourceDate "2008.09.01"]
[SourceVersion "1"]
[SourceVersionDate "2008.09.01"]
[SourceQuality "1"]

1. e4 c6 2. d4 d5 3. exd5 cxd5 4. c4 Nf6 5. Nf3 Nc6 6. Nc3 Bg4 7. cxd5 Nxd5 8. Bc4 e6 9. Nxd5 exd5 10. Be2 Bb4+ 11. Bd2 Qa5 12. 0-0 0-0 13. Be3 Rfe8 14. Ng5 Bf5 15. Bd3 Bg6 16. h4 Be7 17. Bxg6 hxg6 18. Qg4 Bf6 19. h5 gxh5 20. Qxh5 Bxg5 21. Qxg5 Re4 22. Rfd1 Rae8 23. a3 R8e6 24. b4 Qb5 25. a4 Qc4 26. Rac1 Qe2 27. Re1 Qg4 28. Qxg4 Rxg4 29. f3 Rgg6 30. b5 Na5 31. Bf2 Kf8 32. Rxe6 Rxe6 33. Re1 Rd6 34. Re2 Nc4 35. Be1 Re6 36. Rxe6 fxe6 37. a5 Ke8 38. a6 bxa6 39. bxa6 Nd6 40. Kf2 Nb5 41. Ke3 Nc7 42. Kf4 Nxa6 43. Kg5 Kf7 44. f4 g6 45. g4 Nc7 46. f5 gxf5 47. gxf5 Nb5 48. Kf4 Nxd4 49. fxe6+ Kxe6 50. Bf2 Nb5 51. Be1 Na3 52. Ba5 Nc4 53. Bc3 a5 54. Kf3 Kf5 55. Bd4 a4 56. Bc3 a3 57. Bd4 Nd2+ 58. Ke3 Nb3 0-1

[Event "Ptuj op"]
[Site "Ptuj"]
[Date "2008.08.10"]
[Round "2"]
[White "Florjan, Mladen"]
[Black "Kokol, Peter"]
[Result "0-1"]
[WhiteElo "2023"]
[BlackElo "2253"]
[PlyCount "92"]
[EventDate "2008.08.09"]
[EventType "swiss"]
[EventRounds "9"]
[EventCountry "SLO"]
[SourceTitle "CBM 125 Extra"]
[Source "ChessBase"]
[SourceDate "2008.09.01"]
[SourceVersion "1"]
[SourceVersionDate "2008.09.01"]
[SourceQuality "1"]

1. e4 c5 2. Nc3 Nc6 3. f4 g6 4. Nf3 Bg7 5. Bc4 e6 6. 0-0 Nge7 7. e5 d6 8. exd6 Nf5 9. Ne4 Nxd6 10. Nxd6+ Qxd6 11. d3 0-0 12. Rb1 a6 13. Be3 b5 14. Bb3 Nd4 15. Ng5 Bb7 16. Bxd4 Bxd4+ 17. Kh1 h6 18. Ne4 Qc6 19. c3 Bg7 20. Qf3 c4 21. Bc2 cxd3 22. Bxd3 Rad8 23. Rbd1 Rxd3 24. Rxd3 Qxe4 25. Qxe4 Bxe4 26. Rd7 Ra8 27. Rd2 Bd5 28. Ra1 Rb8 29. a3 a5 30. Rad1 Bf6 31. Kg1 b4 32. axb4 axb4 33. cxb4 Rxb4 34. g3 Bxb2 35. h3 Bf6 36. Kf2 g5 37. f5 Kg7 38. Rd3 Be4 39. Rd7 Bxf5 40. g4 Be4 41. Rc1 Bd4+ 42. Ke1 Be5 43. Rc8 Rb2 44. Rc5 Bg3+ 45. Kd1 Bf4 46. Rc4 Bf3+ 0-1